[Event "CZE-ch FIDE Open 2020"]
[Site "Kouty nad Desnou"]
[Date "2020.03.08"]
[Round "2.10"]
[White "Sochorova, Petra"]
[Black "Hradek, Matyas"]
[Result "1-0"]
[WhiteElo "2119"]
[BlackElo "1508"]
[Annotator "ChessBase"]
[PlyCount "33"]
[EventDate "2020.03.07"]
[EventCountry "CZE"]
[SourceTitle "playchess.com"]
[Source "ChessBase"]
[SourceQuality "1"]
[TimeControl "5400+30"]

1. e4 {[%emt 0:00:00]} e5 {[%emt 0:00:00]} 2. Nf3 {[%emt 0:00:06]} Nc6 {[%emt 0:00:00]} 3. c3 {[%emt 0:00:18]} Nf6 {[%emt 0:00:38]} 4. d4 {[%emt 0:00:35]} Nxe4 {[%emt 0:03:31]} 5. d5 {[%emt 0:03:25]} Ne7 {[%emt 0:01:02]} 6. Nxe5 {[%emt 0:00:49]} d6 {[%emt 0:01:04]} 7. Bb5+ {[%emt 0:02:50]} c6 {[%emt 0:00:11]} 8. dxc6 {[%emt 0:00:44]} bxc6 {[%emt 0:00:14]} 9. Nxc6 {[%emt 0:00:34]} Qb6 {[%emt 0:00:40]} 10. Nd4+ {[%emt 0:00:38]} Bd7 {[%emt 0:02:06]} 11. Bxd7+ {[%emt 0:00:31]} Kxd7 {[%emt 0:00:30]} 12. O-O {[%emt 0:01:00]} Nf6 {[%emt 0:03:38]} 13. Nd2 {[%emt 0:10:25]} d5 {[%emt 0:00:54]} 14. N2f3 {[%emt 0:01:06]} Ke8 {[%emt 0:07:13]} 15. Qa4+ {[%emt 0:03:16]} Nd7 {[%emt 0:00:14]} 16. Re1 {[%emt 0:04:10]} f6 {[%emt 0:03:28]} 17. Be3 {[%emt 0:09:22]} 1-0

[Event "CZE-ch FIDE Open 2020"]
[Site "Kouty nad Desnou"]
[Date "2020.03.08"]
[Round "2.11"]
[White "Kosut, Tomas"]
[Black "Kubicek, Antonin"]
[Result "1/2-1/2"]
[WhiteElo "1878"]
[BlackElo "2113"]
[Annotator "ChessBase"]
[PlyCount "135"]
[EventDate "2020.03.07"]
[EventCountry "CZE"]
[SourceTitle "playchess.com"]
[Source "ChessBase"]
[SourceQuality "1"]
[TimeControl "5400+30"]

1. e4 {[%emt 0:00:00]} g6 {[%emt 0:00:00]} 2. d4 {[%emt 0:00:00]} Bg7 {[%emt 0:00:00]} 3. Nc3 {[%emt 0:00:41]} d6 {[%emt 0:00:04]} 4. Be3 {[%emt 0:00:38]} c6 {[%emt 0:00:20]} 5. Qd2 {[%emt 0:03:16]} b5 {[%emt 0:01:09]} 6. a3 {[%emt 0:01:51]} a6 {[%emt 0:00:21]} 7. Be2 {[%emt 0:04:19]} Nd7 {[%emt 0:01:01]} 8. f4 {[%emt 0:12:54]} Nb6 {[%emt 0:00:45]} 9. b3 {[%emt 0:02:27]} Nf6 {[%emt 0:00:18]} 10. h3 {[%emt 0:04:21]} d5 {[%emt 0:08:15]} 11. Bf3 {[%emt 0:12:32]} dxe4 {[%emt 0:02:32]} 12. Nxe4 {[%emt 0:03:32]} Qc7 {[%emt 0:01:39]} 13. Ne2 {[%emt 0:03:26]} O-O {[%emt 0:10:12]} 14. O-O {[%emt 0:01:46]} Be6 {[%emt 0:06:30]} 15. Nc5 {[%emt 0:04:01]} Bd5 {[%emt 0:01:20]} 16. f5 {[%emt 0:02:03]} Bxf3 {[%emt 0:01:25]} 17. Rxf3 {[%emt 0:00:21]} Rfd8 {[%emt 0:06:02]} 18. fxg6 {[%emt 0:02:35]} hxg6 {[%emt 0:00:13]} 19. Bf4 {[%emt 0:02:32]} Qa7 {[%emt 0:00:32]} 20. Be5 {[%emt 0:03:55]} Nbd7 {[%emt 0:00:39]} 21. Nxd7 {[%emt 0:00:33]} Rxd7 {[%emt 0:01:27]} 22. Kh1 {[%emt 0:01:27]} c5 {[%emt 0:07:43]} 23. c3 {[%emt 0:01:40]} Qb7 {[%emt 0:04:59]} 24. Qf4 {[%emt 0:02:54]} cxd4 {[%emt 0:06:10]} 25. Nxd4 {[%emt 0:05:31]} Qe4 {[%emt 0:06:12]} 26. Qxe4 {[%emt 0:04:48]} Nxe4 {[%emt 0:00:05]} 27. Bxg7 {[%emt 0:00:08]} Kxg7 {[%emt 0:00:06]} 28. Re1 {[%emt 0:02:07]} Nd6 {[%emt 0:05:36]} 29. Rfe3 {[%emt 0:02:50]} e6 {[%emt 0:00:30]} 30. Nc6 {[%emt 0:00:55]} Nf5 {[%emt 0:02:36]} 31. Rf3 {[%emt 0:01:52]} Rd2 {[%emt 0:02:44]} 32. Ref1 {[%emt 0:01:33]} Ra2 {[%emt 0:01:01]} 33. g4 {[%emt 0:07:41]} Nh6 {[%emt 0:00:46]} 34. a4 {[%emt 0:01:12]} bxa4 {[%emt 0:00:31]} 35. bxa4 {[%emt 0:00:29]} Rxa4 {[%emt 0:00:12]} 36. Ne5 {[%emt 0:00:25]} Ra7 {[%emt 0:00:31]} 37. c4 {[%emt 0:00:46]} Rc7 {[%emt 0:01:05]} 38. c5 {[%emt 0:00:50]} Re4 {[%emt 0:00:24]} 39. Nd3 {[%emt 0:01:18]} Rc4 {[%emt 0:03:28]} 40. Ra1 {[%emt 0:01:07]} e5 {[%emt 0:06:08]} 41. Nxe5 {[%emt 0:01:20]} R4xc5 {[%emt 0:00:06]} 42. Nd3 {[%emt 0:00:14]} R5c6 {[%emt 0:01:48]} 43. Ra5 {[%emt 0:01:21]} Rb6 {[%emt 0:05:14]} 44. Kg2 {[%emt 0:00:34]} f6 {[%emt 0:00:57]} 45. Nf4 {[%emt 0:00:39]} Rd6 {[%emt 0:02:40]} 46. g5 {[%emt 0:00:41]} Rc2+ {[%emt 0:01:25]} 47. Rf2 {[%emt 0:00:13]} Rxf2+ {[%emt 0:00:12]} 48. Kxf2 {[%emt 0:00:01]} Nf5 {[%emt 0:01:01]} 49. Nh5+ {[%emt 0:01:16]} gxh5 {[%emt 0:00:22]} 50. Rxf5 {[%emt 0:00:05]} Kg6 {[%emt 0:00:22]} 51. Ra5 {[%emt 0:00:53]} fxg5 {[%emt 0:00:22]} 52. Kg3 {[%emt 0:00:20]} Kf7 {[%emt 0:01:40]} 53. h4 {[%emt 0:00:43]} gxh4+ {[%emt 0:01:19]} 54. Kxh4 {[%emt 0:00:08]} Rh6 {[%emt 0:00:08]} 55. Kg5 {[%emt 0:00:23]} Kg7 {[%emt 0:00:09]} 56. Rc5 {[%emt 0:00:26]} Rb6 {[%emt 0:01:17]} 57. Rc7+ {[%emt 0:00:17]} Kf8 {[%emt 0:00:03]} 58. Kxh5 {[%emt 0:00:18]} Ke8 {[%emt 0:00:10]} 59. Kg4 {[%emt 0:00:18]} Kd8 {[%emt 0:00:02]} 60. Ra7 {[%emt 0:00:11]} Kc8 {[%emt 0:00:15]} 61. Kf3 {[%emt 0:00:36]} Re6 {[%emt 0:00:22]} 62. Kf4 {[%emt 0:00:54]} Kb8 {[%emt 0:00:06]} 63. Rd7 {[%emt 0:00:25]} a5 {[%emt 0:02:52]} 64. Rd5 {[%emt 0:00:40]} Ra6 {[%emt 0:00:02]} 65. Ke3 {[%emt 0:00:22]} Kb7 {[%emt 0:00:43]} 66. Kd3 {[%emt 0:00:22]} Kc6 {[%emt 0:00:00]} 67. Rh5 {[%emt 0:00:20]} a4 {[%emt 0:00:17]} 68. Rh6+ {[%emt 0:00:21]} 1/2-1/2

[Event "CZE-ch FIDE Open 2020"]
[Site "Kouty nad Desnou"]
[Date "2020.03.08"]
[Round "2.12"]
[White "Vaculik, Martin"]
[Black "Nguyen, Thai Dai Vinh"]
[Result "1/2-1/2"]
[WhiteElo "2268"]
[BlackElo "2018"]
[Annotator "ChessBase"]
[PlyCount "42"]
[EventDate "2020.03.07"]
[EventCountry "CZE"]
[SourceTitle "playchess.com"]
[Source "ChessBase"]
[SourceQuality "1"]
[TimeControl "5400+30"]

1. e4 {[%emt 0:00:00]} c5 {[%emt 0:00:00]} 2. Nf3 {[%emt 0:00:23]} d6 {[%emt 0:01:03]} 3. d4 {[%emt 0:00:19]} cxd4 {[%emt 0:00:04]} 4. Nxd4 {[%emt 0:00:04]} Nf6 {[%emt 0:00:03]} 5. Nc3 {[%emt 0:00:09]} a6 {[%emt 0:00:03]} 6. Bg5 {[%emt 0:00:05]} e6 {[%emt 0:00:21]} 7. f4 {[%emt 0:00:07]} Be7 {[%emt 0:00:32]} 8. Qf3 {[%emt 0:01:17]} Qc7 {[%emt 0:06:19]} 9. O-O-O {[%emt 0:03:39]} h6 {[%emt 0:04:06]} 10. Bxf6 {[%emt 0:08:33]} gxf6 {[%emt 0:01:58]} 11. f5 {[%emt 0:06:36]} e5 {[%emt 0:19:13]} 12. Nd5 {[%emt 0:06:45]} Qd8 {[%emt 0:01:16]} 13. Nb3 {[%emt 0:01:59]} b6 {[%emt 0:06:55]} 14. Qg3 {[%emt 0:09:45]} Bf8 {[%emt 0:04:51]} 15. Qc3 {[%emt 0:03:28]} Kd7 {[%emt 0:04:36]} 16. Qb4 {[%emt 0:03:32]} Kc6 {[%emt 0:05:22]} 17. Qc4+ {[%emt 0:18:18]} Kb7 {[%emt 0:06:02]} 18. Na5+ {[%emt 0:15:33]} bxa5 {[%emt 0:03:55]} 19. Qb3+ {[%emt 0:00:06]} Ka7 {[%emt 0:01:17]} 20. Qe3+ {[%emt 0:00:05]} Kb7 {[%emt 0:00:06]} 21. Qb3+ {[%emt 0:00:24]} Ka7 {[%emt 0:00:11]} 1/2-1/2

[Event "CZE-ch FIDE Open 2020"]
[Site "Kouty nad Desnou"]
[Date "2020.03.08"]
[Round "2.13"]
[White "Tuma, Jan"]
[Black "Husa, Daniel"]
[Result "1/2-1/2"]
[WhiteElo "1993"]
[BlackElo "1814"]
[Annotator "ChessBase"]
[PlyCount "46"]
[EventDate "2020.03.07"]
[EventCountry "CZE"]
[SourceTitle "playchess.com"]
[Source "ChessBase"]
[SourceQuality "1"]
[TimeControl "5400+30"]

1. e4 {[%emt 0:00:00]} c5 {[%emt 0:00:00]} 2. Ne2 {[%emt 0:00:31]} e6 {[%emt 0:00:00]} 3. d4 {[%emt 0:00:26]} cxd4 {[%emt 0:00:00]} 4. Nxd4 {[%emt 0:00:08]} Nf6 {[%emt 0:00:00]} 5. Nc3 {[%emt 0:00:32]} Nc6 {[%emt 0:00:03]} 6. g3 {[%emt 0:05:02]} Bb4 {[%emt 0:01:24]} 7. Bg2 {[%emt 0:02:05]} d5 {[%emt 0:02:32]} 8. exd5 {[%emt 0:12:43]} Nxd5 {[%emt 0:01:35]} 9. Nxc6 {[%emt 0:00:50]} bxc6 {[%emt 0:00:38]} 10. O-O {[%emt 0:25:26]} O-O {[%emt 0:03:13]} 11. Ne4 {[%emt 0:03:03]} Ba6 {[%emt 0:09:50]} 12. Re1 {[%emt 0:19:13]} Bxe1 {[%emt 0:01:17]} 13. Qxe1 {[%emt 0:00:06]} Nb4 {[%emt 0:12:29]} 14. Bg5 {[%emt 0:04:00]} Qb6 {[%emt 0:06:21]} 15. Qd2 {[%emt 0:00:14]} Nd5 {[%emt 0:02:42]} 16. b3 {[%emt 0:08:31]} f6 {[%emt 0:10:19]} 17. Bh4 {[%emt 0:00:56]} Rad8 {[%emt 0:05:44]} 18. g4 {[%emt 0:02:25]} e5 {[%emt 0:18:27]} 19. Bf3 {[%emt 0:05:41]} Nf4 {[%emt 0:02:57]} 20. Qe1 {[%emt 0:00:12]} Rd4 {[%emt 0:04:20]} 21. Qe3 {[%emt 0:03:20]} Bb7 {[%emt 0:06:38]} 22. Re1 {[%emt 0:01:40]} c5 {[%emt 0:05:52]} 23. Bg3 {[%emt 0:00:24]} Ne6 {[%emt 0:01:17]} 1/2-1/2

[Event "CZE-ch FIDE Open 2020"]
[Site "Kouty nad Desnou"]
[Date "2020.03.08"]
[Round "2.14"]
[White "Zdechovsky, Tobias"]
[Black "Volaninova, Sarka"]
[Result "1/2-1/2"]
[WhiteElo "1922"]
[BlackElo "1689"]
[Annotator "ChessBase"]
[PlyCount "45"]
[EventDate "2020.03.07"]
[EventCountry "CZE"]
[SourceTitle "playchess.com"]
[Source "ChessBase"]
[SourceQuality "1"]
[TimeControl "5400+30"]

1. d4 {[%emt 0:00:00]} Nf6 {[%emt 0:00:00]} 2. Bf4 {[%emt 0:00:00]} e6 {[%emt 0:00:37]} 3. e3 {[%emt 0:00:00]} b6 {[%emt 0:00:51]} 4. Nd2 {[%emt 0:00:15]} Bb7 {[%emt 0:00:56]} 5. Ngf3 {[%emt 0:00:41]} Be7 {[%emt 0:01:36]} 6. h3 {[%emt 0:00:47]} O-O {[%emt 0:02:08]} 7. Bd3 {[%emt 0:00:51]} d6 {[%emt 0:03:07]} 8. O-O {[%emt 0:01:18]} Nbd7 {[%emt 0:01:26]} 9. e4 {[%emt 0:01:25]} c5 {[%emt 0:05:44]} 10. c3 {[%emt 0:00:11]} Rc8 {[%emt 0:02:48]} 11. a4 {[%emt 0:02:33]} Qc7 {[%emt 0:04:15]} 12. Qe2 {[%emt 0:03:46]} Rfd8 {[%emt 0:04:45]} 13. Bh2 {[%emt 0:18:20]} Nf8 {[%emt 0:03:21]} 14. e5 {[%emt 0:07:27]} Ne8 {[%emt 0:05:49]} 15. a5 {[%emt 0:09:27]} Ng6 {[%emt 0:05:31]} 16. axb6 {[%emt 0:00:58]} axb6 {[%emt 0:00:37]} 17. Ne4 {[%emt 0:20:02]} d5 {[%emt 0:03:54]} 18. Neg5 {[%emt 0:01:29]} Nf8 {[%emt 0:08:27]} 19. h4 {[%emt 0:01:16]} Ra8 {[%emt 0:04:28]} 20. Nd2 {[%emt 0:05:15]} Rxa1 {[%emt 0:01:55]} 21. Rxa1 {[%emt 0:00:37]} Ra8 {[%emt 0:00:51]} 22. Rxa8 {[%emt 0:03:37]} Bxa8 {[%emt 0:00:07]} 23. f4 {[%emt 0:01:54]} 1/2-1/2

[Event "CZE-ch FIDE Open 2020"]
[Site "Kouty nad Desnou"]
[Date "2020.03.08"]
[Round "2.15"]
[White "Novotny, David"]
[Black "Vokoun, Tomas"]
[Result "1/2-1/2"]
[WhiteElo "1910"]
[BlackElo "1673"]
[Annotator "ChessBase"]
[PlyCount "109"]
[EventDate "2020.03.07"]
[EventCountry "CZE"]
[SourceTitle "playchess.com"]
[Source "ChessBase"]
[SourceQuality "1"]
[TimeControl "5400+30"]

1. e4 {[%emt 0:00:00]} c5 {[%emt 0:00:00]} 2. Nc3 {[%emt 0:00:07]} e6 {[%emt 0:01:33]} 3. Nf3 {[%emt 0:01:23]} d6 {[%emt 0:01:25]} 4. d4 {[%emt 0:01:14]} cxd4 {[%emt 0:00:20]} 5. Nxd4 {[%emt 0:00:23]} Nf6 {[%emt 0:00:28]} 6. Bd3 {[%emt 0:04:17]} Nbd7 {[%emt 0:02:08]} 7. O-O {[%emt 0:03:15]} Be7 {[%emt 0:01:21]} 8. Be3 {[%emt 0:02:46]} O-O {[%emt 0:01:47]} 9. f4 {[%emt 0:01:07]} a6 {[%emt 0:01:42]} 10. f5 {[%emt 0:08:52]} e5 {[%emt 0:00:39]} 11. Nb3 {[%emt 0:01:21]} b5 {[%emt 0:00:50]} 12. g4 {[%emt 0:03:27]} b4 {[%emt 0:01:37]} 13. Nb1 {[%emt 0:04:03]} Bb7 {[%emt 0:02:53]} 14. N1d2 {[%emt 0:03:07]} d5 {[%emt 0:02:18]} 15. Qf3 {[%emt 0:02:54]} dxe4 {[%emt 0:15:08]} 16. Nxe4 {[%emt 0:00:57]} Kh8 {[%emt 0:02:52]} 17. Rae1 {[%emt 0:04:03]} a5 {[%emt 0:04:31]} 18. Re2 {[%emt 0:09:22]} a4 {[%emt 0:04:52]} 19. Nbd2 {[%emt 0:00:20]} Nc5 {[%emt 0:00:30]} 20. g5 {[%emt 0:04:17]} Nfxe4 {[%emt 0:13:46]} 21. Bxe4 {[%emt 0:00:47]} Nxe4 {[%emt 0:00:42]} 22. Nxe4 {[%emt 0:00:15]} Qd5 {[%emt 0:01:35]} 23. f6 {[%emt 0:07:31]} gxf6 {[%emt 0:04:49]} 24. gxf6 {[%emt 0:00:35]} Rg8+ {[%emt 0:06:52]} 25. Kf2 {[%emt 0:07:12]} Bf8 {[%emt 0:07:20]} 26. Ng5 {[%emt 0:05:58]} Qxf3+ {[%emt 0:10:47]} 27. Nxf3 {[%emt 0:00:07]} Ra6 {[%emt 0:01:30]} 28. Nxe5 {[%emt 0:15:04]} Rxf6+ {[%emt 0:00:30]} 29. Ke1 {[%emt 0:00:30]} Rxf1+ {[%emt 0:00:30]} 30. Kxf1 {[%emt 0:00:30]} Ba6 {[%emt 0:00:30]} 31. Nxf7+ {[%emt 0:00:30]} Kg7 {[%emt 0:00:08]} 32. Nh6 {[%emt 0:00:13]} Bd6 {[%emt 0:02:46]} 33. Nf5+ {[%emt 0:01:56]} Kf6 {[%emt 0:01:10]} 34. Nxd6 {[%emt 0:00:22]} Bxe2+ {[%emt 0:00:06]} 35. Kxe2 {[%emt 0:00:15]} Rg2+ {[%emt 0:00:17]} 36. Kd3 {[%emt 0:04:09]} Rxh2 {[%emt 0:00:13]} 37. Ne4+ {[%emt 0:00:59]} Kf5 {[%emt 0:00:49]} 38. Nc5 {[%emt 0:01:01]} a3 {[%emt 0:01:36]} 39. b3 {[%emt 0:00:34]} h5 {[%emt 0:00:37]} 40. Ne4 {[%emt 0:01:35]} h4 {[%emt 0:01:54]} 41. Bc5 {[%emt 0:00:57]} Rh3+ {[%emt 0:01:03]} 42. Kd4 {[%emt 0:01:05]} Rh1 {[%emt 0:00:48]} 43. Bxb4 {[%emt 0:00:27]} Ra1 {[%emt 0:00:57]} 44. Bxa3 {[%emt 0:01:35]} Rxa2 {[%emt 0:00:08]} 45. Bd6 {[%emt 0:00:36]} Rxc2 {[%emt 0:00:29]} 46. Ke3 {[%emt 0:00:28]} Rb2 {[%emt 0:01:25]} 47. Nd2 {[%emt 0:00:28]} Ke6 {[%emt 0:01:40]} 48. Bf4 {[%emt 0:00:27]} Kd5 {[%emt 0:01:11]} 49. Kf3 {[%emt 0:00:23]} Kc5 {[%emt 0:00:49]} 50. Kg4 {[%emt 0:00:42]} Kb4 {[%emt 0:00:37]} 51. Bd6+ {[%emt 0:00:13]} Kb5 {[%emt 0:00:23]} 52. Bf4 {[%emt 0:00:45]} Kb4 {[%emt 0:00:15]} 53. Bd6+ {[%emt 0:00:26]} Kb5 {[%emt 0:00:07]} 54. Nf3 {[%emt 0:00:38]} Rxb3 {[%emt 0:00:28]} 55. Nd4+ {[%emt 0:00:21]} 1/2-1/2

[Event "CZE-ch FIDE Open 2020"]
[Site "Kouty nad Desnou"]
[Date "2020.03.09"]
[Round "3.1"]
[White "Bares, Jachym"]
[Black "Broz, Petr"]
[Result "1-0"]
[WhiteElo "2119"]
[BlackElo "1976"]
[Annotator "TA"]
[PlyCount "53"]
[EventDate "2020.03.07"]
[EventCountry "CZE"]
[SourceTitle "playchess.com"]
[Source "ChessBase"]
[SourceQuality "1"]

{[%evp 13,53,0,10,0,23,14,16,16,7,14,16,13,27,0,0,0,7,12,19,-8,18,10,15,-12,0,-12,-15,-17,-13,-57,91,66,400,361,362,356,356,354,344,348,732,716]} 1. e4 e6 2. d4 d5 3. Nc3 Nf6 4. e5 Nfd7 5. f4 c5 6. Nf3 Nc6 7. Be3 Be7 8. dxc5 {C11: French: Classical System: 4 e5 and 4 Bg5 dxe4.} Nxc5 9. Qd2 O-O 10. Be2 {The position is equal.} a6 11. a3 Qc7 12. O-O Ne4 13. Qd3 Nc5 14. Qd2 b5 {[%cal Bb7b5,Bb5b4][%mdl 32]} 15. Nd4 Bb7 {[#]} 16. Bd3 $146 ({Predecessor (2):} 16. Nxc6 Qxc6 17. Bd4 Ne4 18. Nxe4 dxe4 19. Qe3 Rac8 20. c3 f6 21. exf6 Bxf6 22. Rad1 Bxd4 23. Rxd4 Rcd8 24. Rxd8 Rxd8 {½-½ (33) Kryvoruchko,Y (2714)-Lupulescu,C (2631) Poland 2017}) 16... Nxd3 17. cxd3 b4 18. Nce2 {[%cal Bc3e2,Be2d4,Bd4f5][%mdl 32]} Nxd4 19. Nxd4 a5 20. Rac1 Qd7 21. f5 {aiming for f6.} exf5 (21... bxa3 $15 {keeps the upper hand.} 22. Qf2 axb2 23. Qxb2 Ba6) 22. Nxf5 $16 {Black must now prevent Bh6!} d4 $2 {[%mdl 8192] [#] Loses the game.} (22... Rfc8 $1 $14) 23. Bh6 $1 {[%mdl 512]} Ra6 (23... gxh6 24. Qxh6) 24. Bxg7 Rg6 {Hoping for ...Bg5.} 25. Nxe7+ Qxe7 26. Bxf8 Qxe5 $2 {[#]} (26... Kxf8 27. Rf2 bxa3 28. bxa3 Qxe5) 27. Bh6 {Accuracy: White = 75%, Black = 70%.} 1-0

[Event "CZE-ch FIDE Open 2020"]
[Site "Kouty nad Desnou"]
[Date "2020.03.09"]
[Round "3.2"]
[White "Dejmal, Ondrej"]
[Black "Pycha, Patrik"]
[Result "0-1"]
[WhiteElo "1757"]
[BlackElo "2024"]
[Annotator "ChessBase"]
[PlyCount "58"]
[EventDate "2020.03.07"]
[EventCountry "CZE"]
[SourceTitle "playchess.com"]
[Source "ChessBase"]
[SourceQuality "1"]
[TimeControl "5400+30"]

1. e4 {[%emt 0:00:00]} e6 {[%emt 0:00:00]} 2. d4 {[%emt 0:00:00]} d5 {[%emt 0:00:00]} 3. exd5 {[%emt 0:00:12]} exd5 {[%emt 0:00:00]} 4. c4 {[%emt 0:02:07]} Nf6 {[%emt 0:00:13]} 5. Nf3 {[%emt 0:00:51]} Bb4+ {[%emt 0:02:08]} 6. Nc3 {[%emt 0:01:00]} O-O {[%emt 0:00:15]} 7. Be2 {[%emt 0:03:45]} dxc4 {[%emt 0:01:31]} 8. Bxc4 {[%emt 0:00:10]} Re8+ {[%emt 0:01:53]} 9. Be3 {[%emt 0:00:33]} Be6 {[%emt 0:05:27]} 10. Bxe6 {[%emt 0:08:01]} Rxe6 {[%emt 0:00:09]} 11. O-O {[%emt 0:00:39]} Nbd7 {[%emt 0:04:26]} 12. Qb3 {[%emt 0:08:37]} a5 {[%emt 0:11:36]} 13. Rad1 {[%emt 0:07:52]} Nb6 {[%emt 0:01:14]} 14. a3 {[%emt 0:07:29]} Bxc3 {[%emt 0:01:28]} 15. bxc3 {[%emt 0:02:54]} a4 {[%emt 0:00:07]} 16. Qa2 {[%emt 0:10:20]} Nbd5 {[%emt 0:07:00]} 17. Bd2 {[%emt 0:04:17]} Ne4 {[%emt 0:02:24]} 18. Qc2 {[%emt 0:10:40]} Qe7 {[%emt 0:05:49]} 19. c4 {[%emt 0:04:11]} Nxd2 {[%emt 0:01:19]} 20. Rxd2 {[%emt 0:01:49]} Nf4 {[%emt 0:01:24]} 21. d5 {[%emt 0:05:01]} Rg6 {[%emt 0:03:24]} 22. g3 {[%emt 0:14:09]} Qxa3 {[%emt 0:04:17]} 23. Qe4 {[%emt 0:01:37]} Nh3+ {[%emt 0:13:00]} 24. Kg2 {[%emt 0:01:07]} f5 {[%emt 0:02:35]} 25. Qh4 {[%emt 0:04:31]} Rh6 {[%emt 0:01:38]} 26. Qd4 {[%emt 0:00:04]} Re8 {[%emt 0:04:37]} 27. Nh4 {[%emt 0:00:57]} Re4 {[%emt 0:01:10]} 28. Qd3 {[%emt 0:00:35]} Qxd3 {[%emt 0:00:42]} 29. Rxd3 {[%emt 0:00:02]} Rexh4 {[%emt 0:00:37]} 0-1

[Event "CZE-ch FIDE Open 2020"]
[Site "Kouty nad Desnou"]
[Date "2020.03.09"]
[Round "3.3"]
[White "Klubal, Jiri"]
[Black "Horak, Martin"]
[Result "0-1"]
[WhiteElo "1935"]
[BlackElo "2329"]
[Annotator "TA"]
[PlyCount "100"]
[EventDate "2020.03.07"]
[EventCountry "CZE"]
[SourceTitle "playchess.com"]
[Source "ChessBase"]
[SourceQuality "1"]

{[%evp 9,100,-9,0,0,6,-5,-1,-4,-2,-14,-10,-13,-11,-6,52,33,45,50,36,2,27,22,62,66,59,50,50,47,50,52,41,38,51,41,42,41,41,41,52,39,41,0,0,0,0,0,0,0,0,0,78,0,0,-134,-99,-351,-339,-992,-995,-974,-942,-776,-733,-29969,-5297,-1629,-896,-1629,-1225,-1477,-1432,-1312,-1295,-1168,-1130,-1145,-1106,-1557,-1542,-1158,-1482,-1333,-1312,-2396,-2277,-3481,-1902,-29987,-29988,-29990,-29990,-29991,-29992]} 1. e4 c5 2. Nf3 Nc6 3. c4 e5 4. Nc3 d6 5. Be2 g6 6. a3 {B30: Sicilian: 2...Nc6 3 Bb5, lines without ...g6.} Bg7 7. d3 Nge7 8. Bd2 {The position is equal.} O-O {[#]} 9. Nd5 $146 ({Predecessor:} 9. Rb1 a5 10. Nb5 f5 11. b4 axb4 12. axb4 cxb4 13. Qb3 Kh8 14. Bxb4 Nxb4 15. Qxb4 {1-0 (41) Zivanovic,B (1669)-Vucinic,G (2190) Vrnjacka Banja 2012}) 9... Bg4 10. b4 b6 11. O-O f5 ({Better is} 11... Bxf3 $11 12. Nxe7+ Qxe7 13. Bxf3 a6) 12. Bg5 $14 h6 13. Bxe7 Nxe7 14. bxc5 Nxd5 15. cxd5 bxc5 16. Nd2 Bxe2 17. Qxe2 Rb8 18. Nc4 Rf7 19. Rab1 Bf8 20. Qc2 f4 21. f3 g5 22. Rxb8 Qxb8 23. Rb1 Qc8 24. h3 h5 25. Rb2 g4 26. Kh2 Rg7 {White must now prevent ...gxf3.} 27. Qb1 gxf3 28. gxf3 {[#]} Rg3 $1 {[%csl Gg3][%cal Rc8h3][%mdl 512]} 29. Qf1 Kh7 {[#]} (29... h4 $11 {keeps the balance.}) 30. Rb5 (30. Ne3 $1 $16 {[%mdl 512]}) 30... Kg6 {[#]} 31. Nb2 (31. Ne3 $1 $11 {[%mdl 512]}) 31... Kg5 $17 32. Nd1 $2 {[%mdl 8192] Now White is beyond hope.} (32. Nc4 $17 {keeps fighting.}) 32... Kh4 $19 33. Nf2 $2 (33. Rb2 Qxh3+ 34. Qxh3+ Rxh3+ 35. Kg2) 33... Rxf3 34. Qe1 Rg3 35. Rb2 Bh6 36. Qb1 Qg8 (36... f3 $142 37. Kh1 Bf4 38. Qf1 {[#]} Rg2 $1 {[%mdl 512]} 39. Qxg2 fxg2+ 40. Kxg2 Qg8+ 41. Kf1 Qg3 42. a4 Be3 43. Re2 Bxf2 {[%mdl 64] Discovered Attack} 44. Rxf2 Qxd3+ 45. Ke1 Qb1+ 46. Ke2 c4 47. Rf3 Qb2+ 48. Ke3 c3 49. Rf1 Qd2+ 50. Kf3 c2 51. a5 c1=Q 52. Rxc1 Qxc1 53. Ke2 Qc2+ 54. Kf3 Kxh3 55. Ke3 Kg2 56. a6 Kg1 57. Kf3 Qf2#) 37. Qf1 Rf3 38. Qg2 Qg3+ 39. Kg1 Re3 {[%cal Re3e1]} 40. Rb1 f3 {[%csl Gf3][%cal Rg3g2]} 41. Qxg3+ Kxg3 {[%mdl 4096] Endgame KRB-KRN} 42. Nh1+ Kxh3 {Hoping for ...Re2.} 43. Rf1 Bg5 44. Nf2+ Kg3 45. Nh1+ Kf4 46. Nf2 Bh4 47. Nd1 Rxd3 48. a4 Rd2 {Black mates.} 49. Nc3 Rg2+ 50. Kh1 Bf2 {Accuracy: White = 51%, Black = 83%.} 0-1

[Event "CZE-ch FIDE Open 2020"]
[Site "Kouty nad Desnou"]
[Date "2020.03.09"]
[Round "3.4"]
[White "Sikorova, Olga"]
[Black "Broz, Jan"]
[Result "1-0"]
[WhiteElo "2199"]
[BlackElo "1481"]
[Annotator "ChessBase"]
[PlyCount "71"]
[EventDate "2020.03.07"]
[EventCountry "CZE"]
[SourceTitle "playchess.com"]
[Source "ChessBase"]
[SourceQuality "1"]
[TimeControl "5400+30"]

1. c4 {[%emt 0:00:00]} Nf6 {[%emt 0:00:00]} 2. g3 {[%emt 0:00:00]} c5 {[%emt 0:00:04]} 3. Bg2 {[%emt 0:00:00]} g6 {[%emt 0:00:20]} 4. Nc3 {[%emt 0:00:06]} Bg7 {[%emt 0:00:22]} 5. e4 {[%emt 0:00:08]} d6 {[%emt 0:00:05]} 6. Nge2 {[%emt 0:00:08]} O-O {[%emt 0:00:19]} 7. O-O {[%emt 0:00:28]} Nc6 {[%emt 0:00:20]} 8. d3 {[%emt 0:00:11]} Bg4 {[%emt 0:00:35]} 9. f3 {[%emt 0:00:21]} Bd7 {[%emt 0:00:10]} 10. h3 {[%emt 0:00:04]} Ne8 {[%emt 0:08:47]} 11. f4 {[%emt 0:00:57]} f5 {[%emt 0:08:28]} 12. Be3 {[%emt 0:02:19]} Nc7 {[%emt 0:08:23]} 13. d4 {[%emt 0:06:30]} cxd4 {[%emt 0:13:04]} 14. Nxd4 {[%emt 0:00:23]} Ne6 {[%emt 0:03:36]} 15. Nxc6 {[%emt 0:02:45]} bxc6 {[%emt 0:03:58]} 16. exf5 {[%emt 0:02:06]} gxf5 {[%emt 0:06:36]} 17. Qd2 {[%emt 0:03:02]} a6 {[%emt 0:07:02]} 18. b3 {[%emt 0:07:29]} Rb8 {[%emt 0:03:14]} 19. Rad1 {[%emt 0:09:21]} Kh8 {[%emt 0:01:54]} 20. Na4 {[%emt 0:03:03]} c5 {[%emt 0:01:49]} 21. Nc3 {[%emt 0:14:30]} Nd4 {[%emt 0:04:51]} 22. Kh2 {[%emt 0:00:38]} Qe8 {[%emt 0:01:36]} 23. Nd5 {[%emt 0:06:15]} e6 {[%emt 0:05:21]} 24. Rfe1 {[%emt 0:08:09]} Qc8 {[%emt 0:03:55]} 25. Nc3 {[%emt 0:04:28]} Qc7 {[%emt 0:03:22]} 26. Ne2 {[%emt 0:05:57]} e5 {[%emt 0:02:21]} 27. Nc3 {[%emt 0:01:02]} Bc6 {[%emt 0:02:09]} 28. Bxd4 {[%emt 0:04:16]} cxd4 {[%emt 0:01:14]} 29. Bxc6 {[%emt 0:05:23]} dxc3 {[%emt 0:04:38]} 30. Qxd6 {[%emt 0:00:12]} Qxd6 {[%emt 0:00:43]} 31. Rxd6 {[%emt 0:00:02]} Rbd8 {[%emt 0:00:46]} 32. c5 {[%emt 0:05:26]} e4 {[%emt 0:01:59]} 33. Kg2 {[%emt 0:02:36]} Bd4 {[%emt 0:01:16]} 34. b4 {[%emt 0:00:16]} Be3 {[%emt 0:00:57]} 35. Rxe3 {[%emt 0:00:28]} Rb8 {[%emt 0:01:06]} 36. a3 {[%emt 0:00:15]} 1-0